Hygiena v životním prostředí Ostravy

Bibliographic Details
Main Author: Miksl, Raimund (Author)
Format: Article
Language:Czech

MARC

LEADER 00000nab a2200000uu 4500
001 vtls011460778
003 SK-MaSNL
005 20260303151554.0
008 230222|1973 xo |||||||||||||||||cze|
015 |a SNBRB 
035 |a (urnnbn)urn:nbn:sk:snk:ar-a0acmj 
035 |a (uuid)09aee8d1-a24b-4b43-9ff7-e55acbf093c2 
035 |a urn:nbn:sk:snk-abcult 
040 |a SNKBUCL  |b slo  |c SNKBUCL  |e AACR2 
041 0 |a cze 
044 |a xo  |c SK 
100 1 |a Miksl, Raimund  |4 aut  |9 1171306 
245 1 0 |a Hygiena v životním prostředí Ostravy  |c Raimund Miksl 
773 0 |t Životné prostredie : revue pre teóriu a starostlivosť o životné prostredie  |g Roč. 7, č. 3 (1973), s. 130-[133] 
958 |a OND 
958 |a EUIPO 
958 |a article16 
999 |c 2018404  |d 2020334